[Event "SRB-chT 1st League Men 2018"]
[Site "Valjevo"]
[Date "2018.09.01"]
[Round "2"]
[White "Vuckovic, Bojan"]
[Black "Kovacevic, Aleksandar"]
[Result "1/2-1/2"]
[WhiteElo "2588"]
[BlackElo "2483"]
[Annotator "TA"]
[PlyCount "123"]
[EventDate "2018.08.31"]
[EventType "team-tourn"]
[EventCountry "SRB"]
[SourceTitle "playchess.com"]
[Source "ChessBase"]
[SourceQuality "1"]

{[%evp 23,123,16,23,-2,82,-28,0,0,0,-43,-43,-51,-49,-64,-76,-84,-80,-67,-30,-68,-35,-70,-72,-89,-68,-67,-68,-107,-38,-86,-68,-57,-72,-68,-34,-38,-38,-44,-38,-66,-75,-70,-78,-89,-95,-103,0,0,0,-96,-88,-101,-100,-100,0,0,0,-45,-32,-86,-83,-105,-95,-100,-69,-165,-152,-132,-31,-30,-26,-34,-18,-18,-18,-18,-17,-24,-16,-27,-33,-54,-15,-27,-8,-8,-8,-8,-8,-8,-8,-8,-8,-8,-8,-8,-8,-8,-8,-8,-8,-8]} 1. e4 e6 2. d4 d5 3. Nc3 Nf6 4. Bg5 dxe4 5. Nxe4 Be7 6. Bxf6 gxf6 7. Nf3 f5 8. Nc3 a6 {C13: French: Classical System: 4 Bg5 Be7, Alekhine-Chatard Attack} 9. g3 (9. Qd2 b5 10. O-O-O b4 11. Na4 Qd5 12. b3 Bd7 13. Bc4 Qd6 14. d5 e5 15. Rhe1 e4 16. Nd4 {1-0 (40) Carlsen,M (2832)-Grischuk,A (2750) chess.com INT 2017}) 9... b5 10. Bg2 Bb7 11. O-O Bf6 12. Re1 O-O {LiveBook: 6 Games} 13. Qe2 c5 $146 (13... Nd7 $11 {keeps the balance.}) ({Predecessor:} 13... Nc6 14. Rad1 Ne7 15. a3 Nd5 16. Nxd5 Bxd5 {½-½ (37) Jovanovic,Z (2404)-Jakab,A (2442) Szombathely 2003}) 14. Rad1 ({Much weaker is} 14. dxc5 $6 Nd7 $11) ({White has to play} 14. d5 $1 $16) 14... cxd4 15. Nxd4 Qb6 ({Don't blunder} 15... Bxg2 $2 16. Nxe6 Qe8 17. Nxf8 $18) 16. Qe3 {[%cal Rd4e6]} Bxg2 17. Kxg2 Qb7+ 18. Qf3 Qxf3+ 19. Kxf3 Rc8 20. Nce2 Ra7 21. Kg2 Nd7 22. Rd2 Nb6 {...Nc4 is the strong threat.} 23. b3 Rd7 24. Red1 $1 b4 25. Rd3 Be5 (25... Rd5 $17) 26. Kf1 Rd5 27. Nf3 Bf6 28. Nf4 {[%cal Rd3d5]} Rxd3 (28... Rb5 {looks sharper.} 29. R3d2 Be7 30. Re1 Ra5 31. Nxe6 fxe6 32. Rxe6 Nd5) 29. Rxd3 Be7 30. Rd2 Rc5 31. Ke2 Kf8 32. Nd3 Ra5 33. Nd4 Rxa2 34. c4 Rxd2+ (34... Ra3 $17 35. Rd1 a5) 35. Kxd2 $17 {[%mdl 4096] Endgame KBN-KNN} Nd7 36. Kc2 {[#]} (36. Nc6 $11) 36... Nb8 $1 37. c5 Ke8 38. c6 Kd8 (38... Bd6 $17 39. Nxb4 Kd8) 39. Ne5 $11 Kc7 40. Nxf7 Nxc6 41. Nxe6+ (41. Kd3 $15) 41... Kd7 $17 42. Nf4 Nd4+ 43. Kb2 Nf3 44. h4 (44. Nh6 $15) 44... Bf6+ 45. Kc2 {[#]} Nd4+ (45... a5 $1 $17 {Hoping for ...Nd4+.} 46. Nd5 Bd4) 46. Kd3 $15 Nxb3 47. Kc4 Nd2+ 48. Kxb4 Ne4 49. Nh6 Nd6 50. Nh5 $1 {[%cal Rh5f6]} Bd4 51. Ka5 Bxf2 {aiming for ...Ke6.} 52. Ng7 Bxg3 {And now ...f4 would win.} (52... f4 {keeps more tension.} 53. gxf4 Bxh4 54. Kxa6 Bf6 55. Nh5 Bd8) 53. Ngxf5 Nxf5 (53... Ne4 {feels hotter.} 54. Kxa6 Bf4 55. Kb5 Ke6 56. Ng7+ Kd5) 54. Nxf5 {KB-KN. The position is equal.} Bf2 {White must now prevent ...Ke6.} 55. h5 Ke6 56. Nh6 Be1+ 57. Kxa6 Kf6 {Black wants to play ...Bh4.} 58. Kb5 Kg5 59. Ng8 Bh4 60. h6 Kg6 61. Kc4 Kf7 62. Kd3 {Precision: White = 50%, Black = 60%.} 1/2-1/2

[Event "SRB-chT 1st League Men 2018"]
[Site "Valjevo"]
[Date "2018.09.01"]
[Round "2"]
[White "Indjic, Aleksandar"]
[Black "Yilmaz, Mustafa"]
[Result "1-0"]
[WhiteElo "2585"]
[BlackElo "2633"]
[Annotator "TA"]
[PlyCount "158"]
[EventDate "2018.08.31"]
[EventType "team-tourn"]
[EventCountry "SRB"]
[SourceTitle "playchess.com"]
[Source "ChessBase"]
[SourceQuality "1"]

{[%evp 31,158,20,16,16,16,17,18,18,18,18,21,18,12,4,9,11,18,13,14,0,10,0,2,0,6,0,13,13,13,14,18,14,33,6,34,34,36,40,66,64,75,72,149,99,83,83,102,87,91,72,74,79,79,79,79,66,346,350,303,306,246,249,585,584,532,475,956,885,824,790,617,122,122,122,122,122,114,121,121,121,121,103,89,89,89,89,129,89,89,89,89,73,89,88,64,73,73,73,73,73,660,655,651,626,601,575,2050,2036,1987,1987,1670,1491,2090,1691,6629,6506,5648,4373,29963,29964,5073,4602,6079,5022,29974,4631,29974,29974,5616]} 1. d4 d5 2. c4 e6 3. Nc3 Nf6 4. cxd5 exd5 5. Bg5 c6 6. e3 Be7 7. Bd3 Nbd7 8. Nge2 O-O 9. O-O Re8 10. Qc2 Nf8 11. Rab1 g6 12. b4 {D36: Queen's Gambit Declined: Exchange Variation: Main line (5 Bg5 c6 6 Qc2)} a6 13. a4 Ne6 14. Bh4 Ng7 15. b5 axb5 16. axb5 Bf5 {LiveBook: 3 Games} 17. Bxf5 Nxf5 18. Bxf6 Bxf6 19. bxc6 bxc6 20. Na4 Ra6 21. Nc5 Ra7 22. Nd3 $146 ({Predecessor:} 22. Ng3) 22... Qa8 23. Rfc1 Rc8 24. Rb6 {[%cal Rb6c6]} Ra2 25. Rb2 Ra3 26. Nc5 Ra7 27. Nc3 Be7 28. N3a4 {Strongly threatening Nb6.} Bxc5 29. Nxc5 Nd6 30. Qe2 Nc4 31. Rbc2 Rb8 32. h4 {[%cal Bh2h4,Bh4h5,Bh5h6][%mdl 32]} Ra1 33. Qd1 Rxc1 34. Rxc1 {Hoping for Ra1.} Qa7 35. h5 Qe7 36. Qg4 Kg7 ({Better is} 36... Nd6) 37. Qf4 Rc8 38. h6+ Kg8 39. Ne4 {Threatens to win with Nf6+.} f5 40. Ng5 Nd6 41. Rb1 $40 {[%mdl 128] White has strong attack.} Nf7 42. Nxf7 $1 Kxf7 $16 {[%mdl 4096] Endgame KQR-KQR} 43. g4 $1 {[%cal Bg2g4,Bg4g5][%mdl 32]} Qc7 $2 {[%mdl 8192]} (43... Kg8 $14) 44. Qxc7+ $18 ({Stronger than} 44. gxf5 Qxf4 45. exf4 gxf5 $15) 44... Rxc7 {KR-KR} 45. g5 $1 Ke6 46. Kg2 $1 Kd6 $2 (46... c5 {is more resistant.} 47. dxc5 Kd7) 47. Kf3 Re7 {[#]} 48. Rb8 $1 Kc7 (48... Kd7 $142 49. Rg8 Kc7) 49. Rg8 Kd7 50. Kg3 Kc7 51. f3 $2 (51. Rg7 $18 {and White stays clearly on top.} Kd6 52. Kf3) 51... Kd7 52. Kf4 Ke6 53. Rd8 Rd7 54. Rc8 Kd6 55. Rf8 Re7 56. Ra8 Ke6 57. Rg8 Rd7 58. Kg3 Ra7 59. Rc8 Kd6 60. Rf8 {aiming for Rf6+.} Re7 61. Kf2 Kd7 62. Ke2 Re8 63. Rf7+ Re7 {[#]} 64. Rg7 $1 Ke8 65. Rg8+ Kf7 $2 {[%mdl 8192]} (65... Kd7 $16) 66. Rc8 f4 67. e4 dxe4 68. Rxc6 exf3+ 69. Kxf3 Rd7 70. Ke4 Ke7 71. d5 Ra7 72. Kxf4 Ra1 73. Rc7+ Kd6 74. Rxh7 Rf1+ 75. Ke4 Re1+ 76. Kf3 Rf1+ 77. Ke2 Rf5 78. Rh8 Rf7 79. Rg8 Kxd5 {Precision: White = 87%, Black = 37%.} 1-0

[Event "SRB-chT 1st League Men 2018"]
[Site "Valjevo"]
[Date "2018.09.01"]
[Round "2"]
[White "Stojanovic, Mihajlo"]
[Black "Leskur, Dejan"]
[Result "1-0"]
[WhiteElo "2498"]
[BlackElo "2389"]
[Annotator "TA"]
[PlyCount "73"]
[EventDate "2018.08.31"]
[EventType "team-tourn"]
[EventCountry "SRB"]
[SourceTitle "playchess.com"]
[Source "ChessBase"]
[SourceQuality "1"]

{[%evp 18,73,53,55,76,76,80,84,83,74,90,89,72,83,90,46,93,81,131,128,140,157,146,142,145,136,145,121,133,131,147,112,158,64,97,97,90,90,144,123,135,135,137,154,195,191,346,340,335,320,361,354,337,294,336,339,879,685]} 1. d4 g6 2. e4 Bg7 3. Nf3 d6 4. Bc4 Nf6 5. Qe2 O-O 6. O-O c6 7. Bb3 Bg4 8. Nbd2 Nbd7 {B06: Moderne Verteidigung} (8... d5 9. e5 Nfd7 10. h3 Bxf3 11. Nxf3 e6 12. h4 c5 13. c3 Nc6 14. h5 Rc8 15. g3 cxd4 16. cxd4 {1-0 (46) Carlsen,M (2851)-Petrosian,T (2611) chess.com INT 2016}) 9. h3 Bxf3 10. Nxf3 {LiveBook: 5 Partien} e6 {Weiß steht etwas besser.} 11. e5 dxe5 12. dxe5 Nd5 13. Bg5 Qc7 {[%cal Rd7e5]} 14. c4 N5b6 {[%cal Rd7e5]} 15. Rfe1 $146 ({Vorgänger:} 15. Be7 Rfe8 16. Bd6 {1-0 (44) Witt,L-Poulin,M Quebec 1978}) 15... Rfe8 16. Bd2 {[%cal Bg5d2,Bd2c3,Bc3d4][%mdl 32]} a5 17. Bc2 Nc5 18. h4 {[%cal Bh3h4,Bh4h5][%mdl 32]} Nbd7 {[#]} 19. h5 $1 {[%mdl 512]} b5 (19... gxh5 20. Qe3) 20. Rad1 Rab8 21. Bc3 b4 22. Bd4 b3 23. axb3 Nxb3 24. Bc3 Ndc5 {[#]} 25. Nd4 (25. Rd6 $1 $16) 25... Nxd4 26. Rxd4 Nb3 27. Rd6 a4 (27... c5 $142) 28. Red1 $16 c5 29. Rd7 Qc8 30. Qe4 Nd4 31. Bxa4 $40 {[%mdl 128] Weiss hat starken Angriff.} Qa6 $2 (31... Rf8 32. hxg6 hxg6 33. Bxd4 Rb4) 32. Bxd4 $18 cxd4 33. Bb5 Rxb5 34. cxb5 Qxb5 35. R7xd4 ({Auf keinen Fall} 35. R1xd4 $6 Bxe5 36. Qf3 Rf8 $18) 35... Bxe5 36. Rd8 Bxb2 $2 (36... Rxd8 37. Rxd8+ Kg7 38. hxg6 (38. Qh4 h6 $16) 38... Bf6) 37. Qb1 {Precision: Weiß = 75%, Schwarz = 48%.} 1-0

[Event "SRB-chT 1st League Men 2018"]
[Site "Valjevo"]
[Date "2018.09.01"]
[Round "2"]
[White "Mastrovasilis, Athanasios"]
[Black "Ilincic, Zlatko"]
[Result "1-0"]
[WhiteElo "2496"]
[BlackElo "2429"]
[Annotator "TA"]
[PlyCount "118"]
[EventDate "2018.08.31"]
[EventType "team-tourn"]
[EventCountry "SRB"]
[SourceTitle "playchess.com"]
[Source "ChessBase"]
[SourceQuality "1"]

{[%evp 22,118,11,11,20,8,35,10,22,24,30,25,23,25,37,9,17,9,17,-12,8,0,12,-3,-1,0,16,5,18,0,0,0,17,16,15,16,23,14,18,12,41,16,39,0,13,2,23,18,27,33,47,47,51,49,47,48,54,61,119,122,125,116,162,162,163,172,170,142,142,142,142,149,199,179,297,225,368,366,350,335,1135,764,1967,1783,1566,1491,613,596,6539,5540,5114,5113,5102,725,29968,29966,29970,29964,29994]} 1. d4 Nf6 2. c4 e6 3. Nc3 d5 4. cxd5 exd5 5. Bg5 c6 6. Qc2 Be7 7. e3 Nbd7 8. Bd3 h6 9. Bh4 Nh5 10. Bxe7 {D36: Queen's Gambit Declined: Exchange Variation: Main line (5 Bg5 c6 6 Qc2)} Qxe7 11. Nf3 (11. O-O-O Nb6 12. Nf3 Nf6 13. Kb1 Be6 14. Ka1 O-O-O 15. Na4 Kb8 16. Rc1 Rhe8 17. Nc5 Bc8 {1-0 (50) Nepomniachtchi,I (2757)-Nisipeanu,L (2672) Dortmund 2018}) 11... Nf4 12. Bf1 {LiveBook: 5 Games. The position is equal.} O-O 13. O-O-O Ne6 14. g4 $146 ({Predecessor:} 14. Bd3 Nf6 15. Rhg1 Re8 16. g4 c5 17. g5 hxg5 18. Nxg5 cxd4 19. exd4 Nf4 20. Qd2 Nxd3+ 21. Qxd3 Bg4 22. Rxg4 {1-0 (22) Ploehn,H (2165)-Schneider,R (2200) Germany 1997}) 14... Ng5 15. Nxg5 Qxg5 16. h3 Nf6 17. Bd3 Qh4 18. Kb1 Bd7 19. Qe2 Rae8 20. Qf3 Re7 21. Rhg1 Rfe8 22. Qg3 Qxg3 23. Rxg3 Ne4 24. Nxe4 dxe4 25. Bc4 Be6 26. b3 b5 27. Bxe6 Rxe6 $11 {[%mdl 4096] Endgame KRR-KRR} 28. Rc1 Rf6 29. Rc2 Ree6 30. Kc1 Rd6 31. h4 Rd5 32. Rg2 Kf8 33. Kd2 Ke7 34. Ke2 Kd6 35. Rg1 c5 36. dxc5+ Rxc5 37. Rd1+ Kc6 38. Rxc5+ Kxc5 $14 {KR-KR} 39. Rd4 b4 (39... Ra6 $14) 40. Rxe4 $16 Ra6 41. Rc4+ Kb5 42. Rc2 Ra3 43. f4 a5 44. Kf3 a4 45. bxa4+ Rxa4 46. f5 f6 {[#]} 47. e4 $1 Kb6 (47... Ra3+ $142 48. Kf4 Rc3) 48. Kf4 Kb5 {[#]} (48... Ra5 $142 49. g5 Ra4) 49. g5 $1 $18 {[%cal Rg5g6]} hxg5+ 50. hxg5 Ra7 $2 (50... Ka6 51. Ke3 Ra5 52. gxf6 gxf6) 51. Kg4 Re7 52. gxf6 gxf6 53. Kh5 Rg7 54. Kh6 Rg5 55. Rf2 Rg8 {[#]} 56. e5 $1 {[%mdl 512]} fxe5 57. Re2 (57. f6 $142 Rf8 58. Kg7) 57... Re8 58. f6 {[%cal Bf5f6,Bf6f7][%mdl 32]} Kc4 59. f7 Kd5 {Precision: White = 61%, Black = 30%.} 1-0

[Event "SRB-chT 1st League Men 2018"]
[Site "Valjevo"]
[Date "2018.09.01"]
[Round "2"]
[White "Lazic, Miroljub"]
[Black "Tosic, Miroslav"]
[Result "1/2-1/2"]
[WhiteElo "2476"]
[BlackElo "2363"]
[Annotator "TA"]
[PlyCount "35"]
[EventDate "2018.08.31"]
[EventType "team-tourn"]
[EventCountry "SRB"]
[SourceTitle "playchess.com"]
[Source "ChessBase"]
[SourceQuality "1"]

{[%evp 18,20,17,-45,-44]} 1. Nf3 Nf6 2. g3 g6 3. Bg2 Bg7 4. O-O O-O 5. c4 d6 6. Nc3 e5 7. d4 Nbd7 8. Qc2 exd4 9. Nxd4 Nb6 10. b3 {LiveBook: 9 Partien} ({Besser ist} 10. Rd1 $11) 10... c5 $1 {E67: Königsindisch (Hauptvariante des g3-Systems ohne e2-e4)} {Vorgänger:} 11. Ndb5 $146 a6 12. Na3 d5 13. cxd5 Nfxd5 14. Bb2 Nb4 15. Qc1 Nc6 16. Bxc6 bxc6 17. Ne4 Bxb2 18. Qxb2 {1-0 (44) Kveinys,A (2547)-Baenziger,F (2403) Villorba 2018} 1/2-1/2

[Event "SRB-chT 1st League Men 2018"]
[Site "Valjevo"]
[Date "2018.09.01"]
[Round "2"]
[White "Kosic, Dragan"]
[Black "Strikovic, Aleksa"]
[Result "1/2-1/2"]
[WhiteElo "2465"]
[BlackElo "2483"]
[Annotator "TA"]
[PlyCount "61"]
[EventDate "2018.08.31"]
[EventType "team-tourn"]
[EventCountry "SRB"]
[SourceTitle "playchess.com"]
[Source "ChessBase"]
[SourceQuality "1"]

{[%evp 17,61,31,55,-25,-34,-42,-30,-47,-31,-32,-34,-29,-23,-64,-46,-252,-253,-378,-188,-289,-23,-18,33,33,153,147,151,63,196,190,183,191,188,195,191,189,185,191,200,186,185,0,0,0,164,0]} 1. d4 d6 2. Nf3 g6 3. c4 Bg7 4. Nc3 e5 5. e4 exd4 6. Nxd4 Ne7 7. Be3 Nbc6 8. Qd2 O-O 9. h4 {A42: Modern Defence: Averbakh Variation} f5 {LiveBook: 3 Games} 10. Nxc6 ({White should try} 10. O-O-O $14) 10... bxc6 $11 11. h5 {Black is slightly better.} fxe4 12. hxg6 Nxg6 13. Nxe4 Qe7 14. Nc3 Bg4 {Hoping for ...Nh4.} 15. Bd3 Rae8 {[#]} 16. O-O $146 (16. Ne2 $15) ({Predecessor:} 16. Ne2 d5 17. cxd5 cxd5 18. Bxg6 hxg6 19. Qxd5+ {½-½ (25) Thaler,T (2554)-Saksis,J (2530) Switzerland 2003}) 16... Ne5 $1 $19 17. Rfe1 (17. Be2 $142 Bxe2 18. Nxe2) 17... Qf7 (17... Qh4 $142 18. Bg5 Qh5) 18. c5 (18. Bd4 $142) 18... Nf3+ $2 (18... Bf3 $19 19. Qc2 Qh5 20. cxd6 cxd6 21. Bxh7+ Kh8) 19. gxf3 $11 Bxf3 (19... Bh3 $11 20. f4 Bxc3 21. Qxc3 Qh5) 20. Ne2 $1 $14 (20. cxd6 $2 Qh5 21. Bxh7+ Kh8 22. dxc7 Qh1#) 20... Qh5 (20... Bd5 $1 $14 21. Nf4 Bf3) 21. Ng3 $1 $16 {[%cal Rg3h5]} (21. Bc4+ d5 $11) 21... Qg4 22. Qc2 (22. cxd6 $1 $16 cxd6 23. Rac1 (23. Bxa7 Rxe1+ 24. Rxe1 h5 $18)) 22... d5 (22... Bd5 $1 $14) 23. Bxh7+ $18 Kh8 {( -> ...Qh3)} 24. Bf5 Qh4 {[#] Threatens to win with ...Re5.} 25. Qd3 $1 {Black must now prevent Bd2.} Re4 {[#]} 26. Bg5 $1 {[%cal Rg5h4]} (26. Bxe4 dxe4 27. Qd7 Rg8) 26... Qxg5 27. Qxf3 ({Inferior is} 27. Rxe4 Bxe4 28. Bxe4 dxe4 $11) ({Stronger than} 27. Bxe4 Bxe4 28. Rxe4 dxe4 $11) 27... Rf4 28. Qh1+ Rh4 29. Qf3 $2 ({Only move:} 29. Qg2 $18) 29... Rf4 $1 $11 {[%cal Rf4f3]} 30. Qh1+ $2 (30. Qg2 $11 Bd4 31. Qh1+ Rh4 32. Qf3) 30... Rh4 $18 31. Qf3 $2 {Precision: White = 37%, Black = 47%.} (31. Qg2 $18) 1/2-1/2

[Event "SRB-chT 1st League Men 2018"]
[Site "Valjevo"]
[Date "2018.09.01"]
[Round "2"]
[White "Markovic, Miroslav"]
[Black "Kojovic, Dragan"]
[Result "1-0"]
[WhiteElo "2458"]
[BlackElo "2384"]
[Annotator "TA"]
[PlyCount "129"]
[EventDate "2018.08.31"]
[EventType "team-tourn"]
[EventCountry "SRB"]
[SourceTitle "playchess.com"]
[Source "ChessBase"]
[SourceQuality "1"]

{[%evp 9,129,0,0,0,-8,-6,0,0,0,0,8,-19,-4,-18,-11,-20,-23,-42,-32,-44,-19,-57,-45,-39,-19,-24,-26,-22,-27,-30,-23,-30,0,0,0,-15,-16,-30,8,2,16,21,20,0,11,7,29,18,44,32,74,34,44,63,76,35,37,-83,327,352,345,340,317,345,307,256,263,266,312,320,446,339,458,259,262,195,200,196,196,185,187,204,206,213,215,195,347,351,435,430,468,460,462,458,460,452,564,555,538,545,686,676,693,666,1068,1005,983,923,1073,1023,1256,1283,1288,1300,1328,1206,1650,0,1225,1192,1397,1279]} 1. g3 f5 2. d3 Nf6 3. Bg2 e5 4. e4 fxe4 5. dxe4 Bc5 {LiveBook: 4 Games} 6. Nc3 {A00: Irregular Openings} O-O 7. Nf3 Nc6 8. O-O {The position is equal.} d6 (8... a6 9. Nd5 Nxe4 10. Qe2 Nxf2 11. Qc4 Ba7 12. Bg5 b5 13. Ne7+ Kh8 14. Ng6+ {1-0 (14) Van Wely,L (2657)-L'Ami,E (2650) Amsterdam 2014 CBM 162 [CB]}) 9. Na4 Bg4 $146 {[%cal Bc8g4,Bg4e6,Be6c4][%mdl 32]} ({Predecessor:} 9... Bb6 10. Nxb6 axb6 11. Qe2 Bg4 12. c3 Qd7 13. Rd1 {0-1 (83) Karaahmetoglu,E (2032)-Yaran,S (2179) Kocaeli 2015}) 10. c3 Bb6 11. Nxb6 axb6 12. h3 Be6 13. Ng5 Bc4 {Strongly threatening ...h6.} 14. Re1 $1 Kh8 15. f4 h6 16. Nf3 exf4 17. gxf4 Nh5 18. f5 Bf7 19. Be3 Re8 20. Nh2 Ne5 21. b3 Qh4 22. Qd2 Nf6 23. Bd4 Rad8 24. c4 Nh5 25. Bf2 Qf4 26. Be3 Qh4 27. Rad1 Nf6 28. Bd4 Nh5 29. Rf1 Qg3 30. Rde1 Nf6 31. Bf2 Qg5 $1 {[%cal Rg5d2]} 32. Be3 Qg3 {With the idea ...Nxe4.} 33. Rf4 {[#]} (33. Bf4 $14 {stays ahead.} Qh4 34. Qe3) 33... Nxe4 $2 {[%mdl 8192]} (33... Nd3 $1 $17 {[%cal Rd3e1][%mdl 512]} 34. Re2 (34. Qxd3 Qxe1+) 34... Nxf4 35. Bxf4 Qh4) 34. Rxe4 $18 Nf3+ 35. Nxf3 Rxe4 36. Bf2 Qf4 37. Rxe4 Qxe4 {[#]} 38. f6 $1 {[%mdl 512]} Qb1+ (38... gxf6 39. Qxh6+) 39. Kh2 Qg6 40. fxg7+ Kg8 41. Nh4 (41. Ne5 $142 Qg5 42. Qxg5 hxg5 43. Nxf7 Kxf7 44. Bd4) 41... Qf6 42. Qd4 Qxg7 43. Qxg7+ Kxg7 44. Bd4+ Kg8 45. Nf5 Be6 46. Nxh6+ Kf8 47. Bxb7 c5 $2 (47... Rd7) 48. Be3 Rd7 49. Bc6 Ra7 50. a4 Rg7 51. Bf3 Rg6 52. Bf4 Ke7 53. Be4 Rg7 54. h4 Kd7 55. Bg5 Kc7 56. Kg3 b5 57. axb5 Kb6 58. Kf3 Rd7 59. Bc6 Rh7 60. Ke4 Rh8 61. Nf5 Kc7 62. Be7 Rh5 63. Bg5 $2 (63. Bxd6+ $18 Kd8 64. Be7+ Kc7 65. Ng7) 63... Rh7 $2 {[%mdl 8192]} (63... Rh8 $11 64. Be7 Bc8 65. Nxd6 Bh3) 64. Ne3 Rf7 65. Bd5 {Precision: White = 67%, Black = 34%.} 1-0

[Event "SRB-chT 1st League Men 2018"]
[Site "Valjevo"]
[Date "2018.09.01"]
[Round "2"]
[White "Brenjo, Slavisa"]
[Black "Todorovic, Goran M"]
[Result "1/2-1/2"]
[WhiteElo "2450"]
[BlackElo "2434"]
[Annotator "TA"]
[PlyCount "34"]
[EventDate "2018.08.31"]
[EventType "team-tourn"]
[EventCountry "SRB"]
[SourceTitle "playchess.com"]
[Source "ChessBase"]
[SourceQuality "1"]

{[%evp 23,34,0,8,0,2,0,0,0,0,0,0,0,18]} 1. e4 e5 2. Nf3 Nc6 3. Bb5 {[%cal Bf1b5,Bb5a4,Ba4b3][%mdl 32]} a6 4. Ba4 Nf6 5. O-O Bc5 6. d3 b5 7. Bb3 d6 8. a4 Rb8 9. axb5 axb5 10. Nc3 {C78: Ruy Lopez: Archangelsk and Möller Defences} (10. c3 O-O 11. Re1 h6 12. Nbd2 Bb6 13. Nf1 {½-½ (13) Sasikiran,K (2666)-Sethuraman,S (2657) Yerevan 2018}) 10... h6 11. Nd5 O-O 12. c3 Nxd5 {LiveBook: 5 Games. The position is equal.} 13. exd5 Ne7 14. d4 exd4 15. Nxd4 Bd7 $146 16. Qd3 Bxd4 17. Qxd4 Ra8 1/2-1/2

[Event "SRB-chT 1st League Men 2018"]
[Site "Valjevo"]
[Date "2018.09.01"]
[Round "2"]
[White "Radovic, Janko"]
[Black "Miljkovic, Miroslav D"]
[Result "1/2-1/2"]
[WhiteElo "2405"]
[BlackElo "2474"]
[Annotator "TA"]
[PlyCount "36"]
[EventDate "2018.08.31"]
[EventType "team-tourn"]
[EventCountry "SRB"]
[SourceTitle "playchess.com"]
[Source "ChessBase"]
[SourceQuality "1"]

{[%evp 19,36,6,7,-7,-14,-8,-14,-16,26,29,29,17,16,0,0,0,0,0,0]} 1. e4 {[%cal Be2e4,Be4e5][%mdl 32]} c5 2. Nf3 Nc6 3. Bb5 g6 4. O-O Bg7 5. Re1 Nf6 {[%cal Bg8f6,Bf6d5,Bd5c7][%mdl 32]} 6. e5 Nd5 7. Nc3 Nc7 8. Bxc6 dxc6 9. Ne4 b6 {B31: Sizilianisch (Rossolimo-Variante)} 10. d3 (10. Nf6+ Kf8 11. Ne4 Bg4 12. d3 Bxe5 13. Nxe5 Bxd1 14. Bh6+ Kg8 15. Nxc6 Bxc2 16. Nxc5 bxc5 17. Nxd8 Rxd8 18. Rxe7 Ne6 19. Re1 Ba4 20. Rxa7 {1-0 (58) Mamedov,R (2678)-Dubov,D (2677) Heraklio 2017}) 10... O-O {LiveBook: 34 Partien} 11. Bd2 Bg4 $146 ({Vorgänger:} 11... Ne6 12. Qc1 Nd4 13. Nxd4 Qxd4 14. Bc3 Qd5 15. Qf4 Be6 16. Nf6+ exf6 17. exf6 Bh8 18. Re5 Qd6 19. Qh4 h5 20. Rxh5 gxh5 21. Qg5+ Kh7 22. Qxh5+ Kg8 23. Qg5+ Kh7 24. Qh5+ Kg8 {½-½ (24) Mueller Using,D (2074)-Siegmund,R (2218) Merano 2007}) 12. Neg5 f6 13. h3 fxg5 14. hxg4 h6 15. Qe2 Qd5 {Die Stellung ist ausgeglichen.} 16. c4 Qd7 17. Qe4 Rad8 18. Rad1 Qxd3 1/2-1/2

[Event "SRB-chT 1st League Men 2018"]
[Site "Valjevo"]
[Date "2018.09.01"]
[Round "2"]
[White "Saric, Sinisa"]
[Black "Ivic, Velimir"]
[Result "1/2-1/2"]
[WhiteElo "2399"]
[BlackElo "2472"]
[Annotator "TA"]
[PlyCount "49"]
[EventDate "2018.08.31"]
[EventType "team-tourn"]
[EventCountry "SRB"]
[SourceTitle "playchess.com"]
[Source "ChessBase"]
[SourceQuality "1"]

{[%evp 30,49,0,0,0,0,13,8,14,14,14,10,7,10,15,0,0,0,0,0,0,0]} 1. d4 Nf6 2. c4 g6 3. Nc3 Bg7 4. e4 d6 5. Nf3 O-O 6. Be2 e5 7. dxe5 dxe5 8. Qxd8 Rxd8 9. Nd5 Nxd5 10. cxd5 c6 11. Bc4 cxd5 12. Bxd5 Na6 {[%cal Bb8a6,Ba6c7,Bc7e8,Be8f6][%mdl 32]} 13. Bg5 Re8 14. O-O Nc7 {E92: King's Indian: Classical: 6 Be2 e5: 7 dxe5, 7 Be3 and Petrosian System without 7...Nbd7} (14... Nb4 15. Bc4 Be6 16. Rfc1 Bxc4 17. Rxc4 Nd3 18. Rc7 b6 19. Rd1 Nc5 20. Be3 Ne6 21. Rcd7 h6 22. g3 {½-½ (52) Vorobiov,E (2572)-Sethuraman,S (2658) Stockholm 2016}) 15. Bb3 Be6 16. Rfc1 {LiveBook: 3 Games. The position is equal.} Rec8 17. Bd8 Ne8 $146 ({Predecessor:} 17... Bxb3 18. Bxc7 Be6 19. Bxe5 Rxc1+ 20. Rxc1 Bxe5 21. Nxe5 Rd8 22. a3 Rd2 23. b4 Ra2 24. f4 Rxa3 25. Rc7 b5 26. Nc6 Ra1+ {½-½ (26) Stockhammar,P (2004)-Leon,A (2057) FICGS email 2010}) 18. Bxe6 Rxc1+ 19. Rxc1 {[#] Threatens to win with Rc8.} Rxd8 20. Bd5 Nf6 21. Bxb7 Rb8 22. Rc7 Ne8 23. Rd7 {aiming for Bd5.} Nf6 24. Rc7 Ne8 25. Rd7 1/2-1/2